| 000 -LEADER |
| fixed length control field |
01737nam a22003857a 4500 |
| 001 - CONTROL NUMBER |
| control field |
12178564 |
| 003 - CONTROL NUMBER IDENTIFIER |
| control field |
OSt |
| 005 - DATE AND TIME OF LATEST TRANSACTION |
| control field |
20210423055830.0 |
| 008 - FIXED-LENGTH DATA ELEMENTS--GENERAL INFORMATION |
| fixed length control field |
000919s1999 enkab bc 001 0 eng |
| 010 ## - LIBRARY OF CONGRESS CONTROL NUMBER |
| LC control number |
00559926 |
| 020 ## - INTERNATIONAL STANDARD BOOK NUMBER |
| International Standard Book Number |
0856675016 |
| 040 ## - CATALOGING SOURCE |
| Original cataloging agency |
DLC |
| Transcribing agency |
DLC |
| Modifying agency |
DLC |
| Language of cataloging |
eng |
| 041 ## - LANGUAGE CODE |
| Language code of text/sound track or separate title |
eng |
| 043 ## - GEOGRAPHIC AREA CODE |
| Geographic area code |
a-gs--- |
| 050 00 - LIBRARY OF CONGRESS CALL NUMBER |
| Classification number |
N7292.9 |
| Item number |
.N38 1999 |
| 080 ## - UNIVERSAL DECIMAL CLASSIFICATION NUMBER |
| Universal Decimal Classification number |
008 |
| Item number |
S-70 |
| 082 00 - DEWEY DECIMAL CLASSIFICATION NUMBER |
| Classification number |
709/.4758 |
| Edition number |
21 |
| 100 ## - MAIN ENTRY--PERSONAL NAME |
| 9 (RLIN) |
1072 |
| Personal name |
Soltes, Z. Ori |
| Relator term |
Editor |
| 245 00 - TITLE STATEMENT |
| Title |
National treasures of Georgia / |
| Statement of responsibility, etc. |
editor, Ori Z. Soltes. |
| Remainder of title |
/ by: Philip Wilson Publishers |
| 260 ## - PUBLICATION, DISTRIBUTION, ETC. |
| Place of publication, distribution, etc. |
London |
| Name of publisher, distributor, etc. |
Philip Wilson Publishers |
| Place of publication, distribution, etc. |
Bethesda, Md. : |
| Name of publisher, distributor, etc. |
Foundation for International Arts & Education ; |
| Place of publication, distribution, etc. |
Wappingers' Falls, N.Y. : |
| Name of publisher, distributor, etc. |
Antique Collectors' Club [distributor], |
| Date of publication, distribution, etc. |
1999. |
| 300 ## - PHYSICAL DESCRIPTION |
| Extent |
286 p. |
| Other physical details |
ill. (some col.), col. maps |
| Dimensions |
29 cm. |
| 500 ## - GENERAL NOTE |
| General note |
The catalogue of an exhibition. |
| 500 ## - GENERAL NOTE |
| General note |
"As this catalogue was being printed, the Georgian Government postponed the exhibition"--P. [4]. |
| 504 ## - BIBLIOGRAPHY, ETC. NOTE |
| Bibliography, etc. note |
Includes bibliographical references (p. 278-280) and index. |
| 650 #0 - SUBJECT ADDED ENTRY--TOPICAL TERM |
| Topical term or geographic name entry element |
Art, Georgian (South Caucasian) |
| Form subdivision |
Exhibitions. |
| 650 #0 - SUBJECT ADDED ENTRY--TOPICAL TERM |
| Topical term or geographic name entry element |
History of civilizations |
| 9 (RLIN) |
410 |
| 653 ## - INDEX TERM--UNCONTROLLED |
| Uncontrolled term |
ცივილიზაციის ისტორია |
| 700 1# - ADDED ENTRY--PERSONAL NAME |
| Personal name |
Soltes, Ori Z. |
| 710 2# - ADDED ENTRY--CORPORATE NAME |
| Corporate name or jurisdiction name as entry element |
Foundation for International Arts and Education. |
| 856 42 - ELECTRONIC LOCATION AND ACCESS |
| Materials specified |
Contributor biographical information |
| Uniform Resource Identifier |
<a href="http://www.loc.gov/catdir/bios/hol054/00559926.html">http://www.loc.gov/catdir/bios/hol054/00559926.html</a> |
| 856 42 - ELECTRONIC LOCATION AND ACCESS |
| Materials specified |
Publisher description |
| Uniform Resource Identifier |
<a href="http://www.loc.gov/catdir/description/hol051/00559926.html">http://www.loc.gov/catdir/description/hol051/00559926.html</a> |
| 906 ## - LOCAL DATA ELEMENT F, LDF (RLIN) |
| a |
7 |
| b |
cbc |
| c |
orignew |
| d |
2 |
| e |
ncip |
| f |
20 |
| g |
y-gencatlg |
| 942 ## - ADDED ENTRY ELEMENTS (KOHA) |
| Source of classification or shelving scheme |
|
| Koha item type |
Books |